Doplnkové dôchodkové systémy pripoistenia.
Doplnkové dôchodkové systémy sa stávajú nevyhnutnou súčasťou celého systému sociálneho zabezpečenia v trhových ekonomikách. Umožňujú zvýšiť úroveň dôchodkov zamestnancov a zamestnávateľov, resp. ich poisťovniam, vytvoriť určitý disponibilný kapitál. Doplnkové dôchodkové systémy vznikajú dobrovoľne a...
Salvato in:
| Autore principale: | |
|---|---|
| Natura: | Capitolo di libro |
| Lingua: | slovacco |
| Soggetti: | |
| Tags: |
Nessun Tag, puoi essere il primo ad aggiungerne!!
|
MARC
| LEADER | 00000naa a2200000 4500 | ||
|---|---|---|---|
| 001 | r012892 | ||
| 005 | 20221213123027.5 | ||
| 041 | 0 | |a slo | |
| 044 | |a SK | ||
| 245 | 1 | 0 | |a Doplnkové dôchodkové systémy pripoistenia. |c Viktória Čejková |
| 520 | |a Doplnkové dôchodkové systémy sa stávajú nevyhnutnou súčasťou celého systému sociálneho zabezpečenia v trhových ekonomikách. Umožňujú zvýšiť úroveň dôchodkov zamestnancov a zamestnávateľov, resp. ich poisťovniam, vytvoriť určitý disponibilný kapitál. Doplnkové dôchodkové systémy vznikajú dobrovoľne alebo povinne. Financujú sa priebežne, alebo zo zvláštneho fondu (kapitálová rezerva). | ||
| 610 | 2 | 0 | |a zabezpečenie sociálne |
| 610 | 2 | 0 | |a dôchodky |
| 610 | 2 | 0 | |a čiastka poistná |
| 100 | 1 | |a Čejková, Viktória | |